Advanced emission controls for power plants = Techniques de pointe pour la lutte contre les emissions des centrales thermiques
Αποθηκεύτηκε σε:
| Συγγραφή απο Οργανισμό/Αρχή: | |
|---|---|
| Μορφή: | Βιβλίο |
| Γλώσσα: | English |
| Δημοσίευση: |
Paris :
Organisation for Economic Co-operation and Development,
1993.
|
| Σειρά: | OECD documents
|
| Θέματα: | |
| Ετικέτες: |
Προσθήκη ετικέτας
Δεν υπάρχουν, Καταχωρήστε ετικέτα πρώτοι!
|
MARC
| LEADER | 00000cam a2200000 i 4500 | ||
|---|---|---|---|
| 001 | 1/104489 | ||
| 008 | 950602s1993####fr | | ||| |||| ||eng|| | ||
| 020 | |a 9264038655 | ||
| 035 | |l 10013279 | ||
| 040 | |a GR-MY-UA |b gre |e aacr | ||
| 041 | 0 | |a eng | |
| 082 | 0 | |a 621.312 | |
| 245 | 1 | 0 | |a Advanced emission controls for power plants = |b Techniques de pointe pour la lutte contre les emissions des centrales thermiques / |c [Prepared by O. Rentz...[et al.]. |
| 246 | 1 | |i Παράλληλος τίτλος: |a Techniques de pointe pour la lutte contre les emissions des centrales thermiques | |
| 260 | |a Paris : |b Organisation for Economic Co-operation and Development, |c 1993. | ||
| 300 | |a 231 p.; |b ill.; |c 27 cm. | ||
| 490 | 1 | |a OECD documents | |
| 500 | |a Text in English; summaries in English and French. | ||
| 504 | |a Includes bibliographical references (p. 219-231). | ||
| 650 | 0 | 0 | |a Power-plants |x Environmental aspects. |
| 650 | 0 | 0 | |a Flue gases |x Purification. |
| 650 | 0 | 0 | |a Power-plants |z Europe |x Case studies. |
| 710 | 2 | |a Organisation for Economic Co-operation and Development. | |
| 830 | 0 | |a OECD documents | |
| 852 | |a INST |b LESVOS |e 19950602 |h 621.312 ORG |p 005100000276 |q 005100000276 |t BK |y 0 | ||
| 909 | |a Λ |b 027780 | ||